Marketing in nonprofit organizations /
| Main Author: | |
|---|---|
| Corporate Author: | |
| Format: | Book |
| Language: | English |
| Published: |
Cambridge, Mass. :
Marketing Science Institute,
1972.
|
| Series: | Working paper (Marketing Science Institute)
Preliminary research report (Marketing Science Institute) Marketing Science Institute. Preliminary research report. |
| Subjects: |
MARC
| Tag | First Indicator | Second Indicator | Subfields |
|---|---|---|---|
| LEADER | 00000cam a2200000 4500 | ||
| 001 | in00000063529 | ||
| 005 | 20151007083137.0 | ||
| 008 | 750407s1972 maua b 00010 eng d | ||
| 035 | |a (OCoLC)01258789 | ||
| 035 | |9 AAF8924AM | ||
| 040 | |c DRB |d TXA |d UtOrBLW | ||
| 043 | |a n-us--- | ||
| 049 | |a TXAM |c [930605] | ||
| 090 | |a HF5415.1 |b .S435 | ||
| 100 | 1 | |a Shapiro, Benson P. | |
| 245 | 1 | 0 | |a Marketing in nonprofit organizations / |c by Benson Shapiro. |
| 264 | 1 | |a Cambridge, Mass. : |b Marketing Science Institute, |c 1972. | |
| 300 | |a 47 pages : |b diagrams ; |c 28 cm. | ||
| 336 | |a text |b txt |2 rdacontent | ||
| 337 | |a unmediated |b n |2 rdamedia | ||
| 338 | |a volume |b nc |2 rdacarrier | ||
| 490 | 1 | |a Marketing Science Institute. Working paper | |
| 490 | 1 | |a Marketing Science Institute. Preliminary research report | |
| 504 | |a Includes bibliographical references. | ||
| 650 | 0 | |a Marketing |z United States. | |
| 650 | 0 | |a Nonprofit organizations |z United States. | |
| 710 | 2 | |a Marketing Science Institute. | |
| 830 | 0 | |a Working paper (Marketing Science Institute) | |
| 830 | 0 | |a Preliminary research report (Marketing Science Institute) | |
| 830 | 0 | |a Marketing Science Institute. Preliminary research report. | |
| 999 | |a MARS | ||
| 999 | f | f | |s 4d725a5b-19ed-3d41-8c65-e36cb4284dcf |i 58610fc0-bc4a-3b6a-91c7-684ad61d254f |t 0 |
| 952 | f | f | |p ric |a Texas A&M University |b Rellis Campus |c Joint Library Facility |s JLF |d Remote Storage |t 0 |e HF5415.1 .S435 |h Library of Congress classification |i unmediated -- volume |m A14802790886 |
| 998 | f | f | |a HF5415.1 .S435 |t 0 |l Remote Storage |